书目信息 |
| 题名: |
光学 (上)
|
|
| 作者: | 赵凯华 编著 | |
| 分册: | ||
| 出版信息: | 北京 北京大学出版社 1984.01 |
|
| 页数: | 2册 | |
| 开本: | 32开 | |
| 丛书名: | ||
| 单 册: | ||
| 中图分类: | ||
| 科图分类: | ||
| 主题词: | ||
| 电子资源: | ||
| ISBN: | 7-301-00194-0 | |
| 000 | 00547nam0 2200193 45 | |
| 001 | 99080516 8 | |
| 005 | 20000729091403.9 | |
| 010 | @a7-301-00194-0@d13.75元 | |
| 100 | @a19990805d1984 km y0chiy0120 ea | |
| 101 | @achi | |
| 105 | @a z 000yy | |
| 200 | 1 | @a光学 (上)@AGuang Xue (Shang)@f赵凯华,钟锡华编著@FZhao Kai Hua,Zhong Xi Hua Bian Zhu |
| 210 | @a北京@c北京大学出版社@d1984.01 | |
| 215 | @a2册@d32开 | |
| 690 | @v3 | |
| 690 | @aO43-43@v3 | |
| 701 | @a赵凯华@4编著 | |
| 801 | @aCN@bCJ@c19990805 | |
| 905 | @dO43-43@eZH322:1@b81600-609@f10 | |
| 光学 (上)/赵凯华,钟锡华编著.-北京:北京大学出版社,1984.01 |
| 2册;32开 |
| ISBN 7-301-00194-0:13.75元 |
| ● |
| 相关链接 |
|
|
|
正题名:光学(上)
索取号:O43-43/ZH322:1
 
预约/预借
| 序号 | 登录号 | 条形码 | 馆藏地/架位号 | 状态 | 备注 |
| 1 | 81600 | 200816000 | 自科库401/401自科库 58排1列1层/ [索取号:O43-43/ZH322:1] | 在馆 | |
| 2 | 81601 | 200816019 | 自科库401/401自科库 58排1列1层/ [索取号:O43-43/ZH322:1] | 在馆 | |
| 3 | 81602 | 200816028 | 自科库401/401自科库 58排1列2层/ [索取号:O43-43/ZH322:1] | 在馆 | |
| 4 | 81603 | 200816037 | 自科库401/401自科库 58排1列1层/ [索取号:O43-43/ZH322:1] | 在馆 | |
| 5 | 81604 | 200816046 | 自科库401/401自科库 58排1列1层/ [索取号:O43-43/ZH322:1] | 在馆 | |
| 6 | 81605 | 200816055 | 自科库401/401自科库 58排1列1层/ [索取号:O43-43/ZH322:1] | 在馆 | |
| 7 | 81606 | 200816064 | 自科库401/401自科库 58排1列1层/ [索取号:O43-43/ZH322:1] | 在馆 | |
| 8 | 81607 | 200816073 | 自科库401/401自科库 58排1列1层/ [索取号:O43-43/ZH322:1] | 在馆 | |
| 9 | 81608 | 200816082 | 自科库401/401自科库 58排1列1层/ [索取号:O43-43/ZH322:1] | 在馆 | |
| 10 | 81609 | 200816091 | 自科库401/401自科库 58排1列1层/ [索取号:O43-43/ZH322:1] | 在馆 |